Los Huarpes : Últimos aborígenes /

Guardado en:
Autor Corporativo: Gobierno de San Juan.
Formato: Deslizar
Series:Raíces del mañana
Materias:
Etiquetas: Agregar Etiqueta
Sin Etiquetas, Sea el primero en etiquetar este registro!
LEADER 00849ngm a22002295g 4500
001 CEM.cems022757
008 130507b2005##################0###0#####d
005 20241115145556.0
245 1 0 |a Los Huarpes :  |b Últimos aborígenes /  |c Gobierno De San Juan. 
300 |a 24'. 
490 0 |a Raíces del mañana 
500 |a En soporte VHS, consultar en ventanilla. 
505 0 |a Ubicación geográfica. Organización social. Religión y costumbres. Alimentación. Sometimiento y desaparición. 
538 |a Soporte: VHS - Norma: Pal N - Color: Si - Grabación DRD 2005 - Hitachi=2040 
110 2 |a Gobierno de San Juan. 
082 9 8 |/ ONA 
653 |a HISTORIA ARGENTINA 
653 |a ABORIGENES 
653 |a HUARPES 
653 |a NIVEL PRIMARIO 
653 |a NIVEL SECUNDARIO 
859 |a CEMS  |b BIB. CEMS - Depto. Recursos Didacticos  |h 981  |i ONA  |k DRD  |p 1400.12  |t Ej.1